[Event "EYCC Open U18 2018"]
[Site "Riga"]
[Date "2018.08.24"]
[Round "5"]
[White "Erenberg, Ariel"]
[Black "Ioannidis, Evgenios"]
[Result "0-1"]
[WhiteElo "2399"]
[BlackElo "2343"]
[Annotator "NA"]
[PlyCount "80"]
[EventDate "2018.08.20"]
[EventType "swiss"]
[EventCountry "LAT"]
[SourceTitle "playchess.com"]
[Source "ChessBase"]
[SourceQuality "1"]
[TimeControl "40/5400+30:1800+30"]

1. d4 {[%emt 0:00:00]} d5 {[%emt 0:00:00]} 2. c4 {[%emt 0:00:00]} e6 {[%emt 0:00:00]} 3. Nc3 {[%emt 0:00:00]} Be7 {[%emt 0:00:16]} 4. cxd5 {[%emt 0:03:28]} exd5 {[%emt 0:00:08]} 5. Bf4 {[%emt 0:00:03]} c6 {[%emt 0:00:39]} 6. e3 {[%emt 0:03:18]} Bf5 {[%emt 0:01:45]} 7. g4 {[%emt 0:06:06]} Be6 {[%emt 0:01:09]} 8. Bd3 {[%emt 0:01:54] D31: Queen's Gambit Declined: Semi-Slav without ...Nf6 (+ Marshall Gambit and Noteboom) and Exchange Variation lines without ...Nf6} (8. Qb3 Qb6 9. f3 g5 10. Be5 f6 11. Bg3 Qxb3 12. axb3 h5 13. gxh5 Rxh5 14. Bd3 Kf7 15. h4 f5 {½-½ (42) Kramnik,V (2800)-So,W (2799) Berlin 2018}) 8... Nd7 {[%emt 0:09:35]} 9. h3 {[%emt 0:02:18]} h5 {[%emt 0:03:57]} 10. gxh5 {[%emt 0:06:11]} Ndf6 {[%emt 0:00:11] LiveBook: 12 Games} 11. Qb3 {[%emt 0:09:56]} Qb6 {[%emt 0:05:00]} 12. Qc2 {[%emt 0:14:27]} Nxh5 {[%emt 0:01:33]} 13. Nge2 $146 {[%emt 0:00:17]} ({Predecessor:} 13. Be5 Ngf6 14. O-O-O Nd7 15. Bh2 Qa5 16. Kb1 {½-½ (27) Bjornsson,S (2067)-Span,P (2278) Fuegen 2006}) 13... Nxf4 {[%emt 0:09:32]} 14. Nxf4 {[%emt 0:04:03]} Bd7 {[%emt 0:04:37]} 15. O-O-O {[%emt 0:01:33]} Qa5 {[%emt 0:01:18]} 16. Kb1 {[%emt 0:04:32]} Nf6 $15 {[%emt 0:09:35]} 17. f3 {[%emt 0:14:12]} O-O-O {[%emt 0:04:21]} 18. e4 {[%emt 0:00:21]} Kb8 {[%emt 0:01:21]} 19. e5 {[%emt 0:07:03]} Nh5 {[%emt 0:01:59]} 20. Qh2 {[%emt 0:02:15]} Ka8 {[%emt 0:01:38]} 21. h4 {[%emt 0:05:53]} Rh6 {[%emt 0:06:12]} 22. Nce2 {[%emt 0:01:09]} Rdh8 {[%emt 0:02:14]} 23. Nxh5 {[%emt 0:06:42]} Rxh5 {[%emt 0:00:05]} 24. Qg2 {[%emt 0:00:39]} Bf8 {[%emt 0:20:36]} 25. f4 {[%emt 0:01:08]} Qd8 {[%emt 0:00:42]} 26. Qf3 {[%emt 0:02:16]} g6 {[%emt 0:06:00]} 27. Ng3 {[%emt 0:00:12]} Rxh4 {[%emt 0:00:03]} 28. f5 {[%emt 0:00:12]} gxf5 {[%emt 0:01:54]} 29. Nxf5 {[%emt 0:00:22]} Rxh1 {[%emt 0:01:54]} 30. Rxh1 {[%emt 0:00:02]} Rxh1+ {[%emt 0:02:13]} 31. Qxh1 {[%emt 0:00:01]} Bxf5 {[%emt 0:01:09]} 32. Bxf5 {[%emt 0:00:01]} Qg5 {[%emt 0:00:38]} 33. Bc2 {[%emt 0:03:53]} Qf4 {[%emt 0:01:21]} 34. Qg1 {[%emt 0:00:33]} a6 {[%emt 0:00:13]} 35. a3 {[%emt 0:00:30]} Ka7 {[%emt 0:00:21]} 36. Ka2 {[%emt 0:01:13]} Be7 {[%emt 0:00:07]} 37. Qd1 {[%emt 0:00:48]} Bd8 {[%emt 0:00:21]} 38. Kb3 {[%emt 0:00:31]} Bb6 {[%emt 0:00:10]} 39. Qe2 {[%emt 0:00:51]} Bxd4 {[%emt 0:00:12]} 40. e6 {[%emt 0:00:00]} fxe6 {[%emt 0:00:00]} 0-1

[Event "EYCC Open U18 2018"]
[Site "Riga"]
[Date "2018.08.24"]
[Round "5"]
[White "Bronstein, Or"]
[Black "Nguyen, Thai Dai Van"]
[Result "1/2-1/2"]
[WhiteElo "2342"]
[BlackElo "2548"]
[Annotator "TA"]
[PlyCount "66"]
[EventDate "2018.08.20"]
[EventType "swiss"]
[EventCountry "LAT"]
[SourceTitle "playchess.com"]
[Source "ChessBase"]
[SourceQuality "1"]

{[%evp 22,66,24,0,0,0,0,-12,0,-16,0,-14,0,0,0,0,0,0,14,26,13,-27,-28,-27,0,0,0,0,0,0,0,0,0,0,0,0,0,-8,0,0,0,0,0,0,0,0,20]} 1. d4 d5 2. c4 e6 3. Nf3 c6 4. Nbd2 f5 5. g3 Nd7 6. Bg2 Bd6 7. O-O Ngf6 8. Ne1 O-O 9. Nd3 Qe7 10. b3 b6 {A90: Holländische Verteidigung (Klassisches System, Stonewall und Varianten mit Lb4)} 11. Nf3 (11. Bb2 Bb7 12. Nf3 dxc4 13. bxc4 c5 14. e3 Rac8 15. Rc1 Rc7 16. Qb3 Be4 17. Rfd1 Qe8 18. dxc5 bxc5 {½-½ (26) Lintchevski,D (2561)-Zhigalko,S (2647) Jurmala 2016}) 11... Bb7 12. Bf4 {LiveBook: 8 Partien} dxc4 13. bxc4 c5 14. e3 $146 ({Vorgänger:} 14. Nfe5 Bxg2 15. Kxg2 Rfc8 16. e3 cxd4 17. exd4 Bxe5 18. dxe5 {½-½ (44) Hansen,S (2355)-Korsunsky,Y (2465) Budapest 1991}) 14... Rac8 15. Qa4 Bc6 16. Qa3 Ne4 17. Bxd6 ({Ein No Go ist} 17. Qxa7 Bxf4 18. Nxf4 (18. exf4 Ra8 $17) 18... g5 $17) 17... Nxd6 18. Rac1 Be4 19. Rfd1 Rc7 20. Nf4 Re8 21. Nd2 Bxg2 22. Kxg2 Nf6 23. Nd3 {Die Stellung ist ausgeglichen.} Rec8 24. Ne5 Nd7 25. Ndf3 Nxe5 26. Nxe5 cxd4 27. exd4 Nf7 28. Qxe7 Rxe7 29. Re1 Nxe5 30. Rxe5 Kf7 31. Kf3 Kf6 32. Ke3 Rec7 33. Kd3 Rc6 {Precision: Weiß = 72%, Schwarz = 65%.} 1/2-1/2

[Event "EYCC Open U18 2018"]
[Site "Riga"]
[Date "2018.08.24"]
[Round "5"]
[White "Ileana, George"]
[Black "Warmerdam, Max"]
[Result "0-1"]
[WhiteElo "2324"]
[BlackElo "2421"]
[Annotator "TA"]
[PlyCount "94"]
[EventDate "2018.08.20"]
[EventType "swiss"]
[EventCountry "LAT"]
[SourceTitle "playchess.com"]
[Source "ChessBase"]
[SourceQuality "1"]

{[%evp 18,94,-1,-17,-10,-64,-38,-43,-49,-112,-64,-98,-8,-17,-8,-16,-8,-9,-16,-30,3,0,9,-31,-31,-158,-167,-149,-160,-157,-164,-134,-157,-159,-155,-144,-108,-186,-174,-257,-232,-231,-233,-222,-208,-230,-231,-201,-101,-137,-85,-627,-627,-627,-610,-627,-627,-627,-626,-618,-618,-618,-548,-600,-601,-637,-637,-1062,-1069,-1069,-1062,-1062,-1062,-1062,-1054,-1062,-1054,-975,-912]} 1. Nf3 d5 2. c4 d4 3. e3 Nc6 4. exd4 Nxd4 5. Nxd4 Qxd4 6. d3 {A09: Reti-Eröffnung} Nh6 {[%cal Bg8h6,Bh6f5,Bf5e3][%mdl 32]} 7. Nc3 c6 8. Be3 Qd8 9. d4 Nf5 10. Be2 {LiveBook: 9 Partien} g6 11. Bg4 (11. Qd2 $11) 11... Nxe3 $15 12. fxe3 f5 $146 ({Vorgänger:} 12... Bh6 13. Bxc8 Qxc8 14. Qe2 Qe6 15. Nd1 {½-½ (26) Blechzin,I (2349)-Banusz,T (2612) Nova Gorica 2016}) 13. Be2 ({Lieber} 13. Bf3 $15) 13... e5 $17 14. dxe5 Bc5 (14... Qb6 $17 15. Qd2 Bg7) 15. Qxd8+ $11 Kxd8 16. O-O-O+ Kc7 17. e4 $1 f4 18. Kc2 h5 19. Rhf1 Rf8 20. Rd3 Be6 21. Nd5+ (21. a3 $15) 21... cxd5 $17 22. cxd5 Bg4 23. Bxg4 hxg4 24. Rc3 Kb6 25. Rb3+ Ka6 26. e6 Bd6 27. Rd3 (27. Kd3 $17) 27... Rae8 $19 28. Kd2 (28. Kc3 $142) 28... b6 29. Ke2 Rh8 30. h3 {[#]} f3+ $1 31. gxf3 gxh3 32. f4 {[#]} h2 (32... Ref8 $1 $19 {[%cal Rf8f4]} 33. e5 {[#]} Bxe5 $1 {[%mdl 512]}) 33. e5 $17 Bb8 (33... Bc5 $142 {Weiss muss nun ...Lg1 beachten.} 34. Rh1 Kb7) 34. Rg3 $2 {[%mdl 8192]} (34. Rh1 $17) 34... h1=Q $19 {Schwarz steht klar auf Gewinn.} 35. Rxh1 Rxh1 36. Rxg6 {[#]} Bxe5 $1 37. fxe5 Rh5 38. Kd3 Rxe5 39. Kd4 Re1 40. Rg7 Rc8 41. Rd7 Rc2 42. e7 Rxb2 43. d6 Rxa2 44. Kd3 Raa1 45. Kc2 Rac1+ 46. Kd2 Rcd1+ 47. Kc2 {[#]} Rxd6 $1 {Precision: Weiß = 40%, Schwarz = 64%.} 0-1

[Event "EYCC Open U18 2018"]
[Site "Riga"]
[Date "2018.08.24"]
[Round "5"]
[White "Banzea, Alexandru Bogdan"]
[Black "Gaifullin, Artur"]
[Result "0-1"]
[WhiteElo "2313"]
[BlackElo "2461"]
[Annotator "TA"]
[PlyCount "50"]
[EventDate "2018.08.20"]
[EventType "swiss"]
[EventCountry "LAT"]
[SourceTitle "playchess.com"]
[Source "ChessBase"]
[SourceQuality "1"]

{[%evp 16,50,12,-8,15,8,16,23,15,-5,10,-5,-18,-12,-10,0,0,0,0,-43,-40,-94,-79,-132,-149,-163,-152,-147,-59,-189,-187,-213,-205,-501,-522,-851,-827]} 1. e4 c6 2. d4 d5 3. e5 Bf5 4. h4 h5 5. Bd3 (5. c4 e6 6. Nc3 Ne7 7. Nge2 Bg4 8. Bg5 Qb6 9. c5 Qc7 10. f3 Bf5 11. Ng3 f6 12. Bf4 Nd7 13. exf6 Qxf4 14. Nce2 Qh6 15. fxe7 Bxe7 16. Nxf5 exf5 {½-½ (27) Sutovsky,E (2647)-Artemiev,V (2704) Poikovsky 2018}) 5... Bxd3 6. Qxd3 {B12: Caro-Kann: Advance Variation} Qa5+ 7. Nd2 e6 8. Ngf3 Qa6 9. c4 {LiveBook: 18 Games} Bb4 10. b3 c5 11. O-O Ne7 12. dxc5 $146 ({Predecessor:} 12. Qc2 Nd7 13. cxd5 Nxd5 14. dxc5 Bxc5 {0-1 (55) Chan,N (1927)-Girya,O (2465) Sochi 2018}) 12... Nd7 13. Bb2 Nxc5 14. Qc2 Rc8 15. Bc3 Bxc3 16. Qxc3 O-O 17. Qe3 Nf5 18. Qf4 ({White should play} 18. Qe2 $15) 18... g6 $36 {[%mdl 2048] Black is on the roll.} 19. g4 (19. Qg5 $142) 19... Nd3 20. Qg5 hxg4 21. Qxg4 Kg7 (21... Qb6 $17 {Threatens to win with ...Kg7.} 22. h5 Kg7) 22. Qg5 (22. cxd5 $15 exd5 23. Nd4 Nxd4 24. Qxd4) 22... Rh8 $19 23. Qf6+ Kg8 24. Ng5 $2 {[#]} (24. cxd5 exd5 25. Qxa6 bxa6 26. Rfd1) 24... Rf8 25. cxd5 Nf4 {Precision: White = 19%, Black = 65%.} 0-1

[Event "EYCC Open U18 2018"]
[Site "Riga"]
[Date "2018.08.24"]
[Round "5"]
[White "Ozen, Bahadir"]
[Black "Vykouk, Jan"]
[Result "1/2-1/2"]
[WhiteElo "2302"]
[BlackElo "2413"]
[Annotator "TA"]
[PlyCount "44"]
[EventDate "2018.08.20"]
[EventType "swiss"]
[EventCountry "LAT"]
[SourceTitle "playchess.com"]
[Source "ChessBase"]
[SourceQuality "1"]

{[%evp 31,32,0,0]} 1. Nf3 c5 2. c4 Nf6 3. g3 b6 4. Bg2 Bb7 5. b3 g6 6. Bb2 Bg7 7. O-O O-O 8. Nc3 d5 9. Nxd5 Nxd5 10. Bxg7 Kxg7 11. cxd5 Qxd5 12. d4 Na6 13. dxc5 Nxc5 14. Qxd5 Bxd5 15. Rfd1 {A30: Symmetrical English: Double Fianchetto and Hedgehog} Rfd8 16. Ne5 Bxg2 {[#] LiveBook: 5 Games} {Predecessor:} 17. Kxg2 $146 Rac8 18. Rac1 Rxd1 19. Rxd1 f6 20. Nc4 Kf7 21. Kf3 Ke6 22. Rd4 Nb7 {½-½ (31) Grachev,B (2673)-Fedorchuk,S (2673) Bol 2014} 1/2-1/2

[Event "EYCC Open U18 2018"]
[Site "Riga"]
[Date "2018.08.24"]
[Round "5"]
[White "Risting, Eivind Olav"]
[Black "Kevlishvili, Robby"]
[Result "0-1"]
[WhiteElo "2298"]
[BlackElo "2497"]
[Annotator "TA"]
[PlyCount "112"]
[EventDate "2018.08.20"]
[EventType "swiss"]
[EventCountry "LAT"]
[SourceTitle "playchess.com"]
[Source "ChessBase"]
[SourceQuality "1"]

{[%evp 28,112,-9,-9,-22,-50,16,14,18,14,25,14,14,14,14,15,35,-34,-34,-41,-41,-41,-41,-41,-41,-41,-41,-41,-8,-41,-8,-8,-8,-41,-8,-41,-8,-41,-8,-41,-8,-41,-8,-41,-41,-41,-41,-168,-168,-168,-168,-168,-160,-160,-160,-160,-160,-139,0,-139,-147,-171,-171,-171,-171,-171,-172,-172,-172,-172,-172,-172,-172,-277,-277,-481,-505,-812,-788,-760,-774,-768,-727,-6163,-6107,-2304,-1872]} 1. d4 {Lutz,C} d5 2. c4 c6 3. Nf3 Nf6 4. Nc3 e6 5. Bg5 {[%cal Bc1g5,Bg5h4,Bh4g3,Bg3e5][%mdl 32]} h6 6. Bh4 dxc4 7. e4 g5 8. Bg3 b5 9. Be2 Bb7 10. O-O Nbd7 11. Ne5 {D43: Semi-Slav: 5 Bg5 h6} h5 12. Nxd7 Qxd7 13. Be5 Rh6 14. f4 g4 15. Qc2 $1 {LiveBook: 4 Games} c5 16. d5 $1 {[#]} Nxe4 $146 (16... exd5 $15 17. exd5 Nxd5) ({Predecessor:} 16... b4 17. f5 exd5 18. Nxd5 Bxd5 19. exd5 {½-½ (51) Radjabov,T (2700)-Vallejo Pons,F (2650) Morelia/Linares 2006 CBM 112 [Lutz,C]}) 17. Nxe4 $11 (17. Qxe4 $2 exd5 18. Qe3 O-O-O $17) 17... Qxd5 18. Nf6+ Rxf6 $1 {[%csl Gb7][%cal Rd5g2]} 19. Bxc4 $1 Qxc4 20. Qxc4 bxc4 21. Bxf6 Be7 22. Bc3 (22. Bxe7 $14 Kxe7 23. f5) 22... f5 $15 23. Rfe1 Bd5 24. Rad1 Kd7 25. Rd2 Rb8 26. Re5 Rf8 27. Re3 Bd8 28. Be5 (28. h4 $5) 28... Ba5 29. Bc3 Bb6 30. Kf2 Kc6 31. Ke1 Rf7 32. Kd1 a5 {[%cal Ba7a5,Ba5a4][%mdl 32]} 33. Kc1 a4 34. a3 Rb7 35. Rf2 Bc7 36. Kd1 Be4 37. h4 (37. g3 $15) 37... Rb8 $19 38. g3 {[#]} Rd8+ $1 39. Rd2 Rd5 40. Ke1 Rd3 41. Kf2 Kd5 42. Re1 Kc6 {Threatens to win with ...Rf3+.} 43. Re3 $1 Bd8 44. Ke2 Kb5 45. Kf2 Rxd2+ 46. Bxd2 {[%mdl 4096] Endgame KRB-KB} Bf6 47. Bc3 Bd4 48. Ke2 Kc6 49. Kd2 Kd5 ({Don't take} 49... Bxe3+ 50. Kxe3 Kb5 51. Be5 $17) 50. Re2 (50. Re1 $142) 50... e5 {White must now prevent ...exf4.} 51. fxe5 $2 (51. Re3 {only move.}) 51... Kxe5 {Black is clearly winning.} 52. Rf2 {[#]} (52. Kd1 $142 f4 53. Be1) 52... Bf3 $1 53. Ke1 f4 54. gxf4+ Kxf4 55. Rc2 g3 56. Bd2+ Kf5 {Precision: White = 44%, Black = 65%.} 0-1

[Event "EYCC Open U18 2018"]
[Site "Riga"]
[Date "2018.08.24"]
[Round "5"]
[White "Kowalski, Igor"]
[Black "Mirzoyan, Davit T."]
[Result "1/2-1/2"]
[WhiteElo "2294"]
[BlackElo "2364"]
[Annotator "NA"]
[PlyCount "66"]
[EventDate "2018.08.20"]
[EventType "swiss"]
[EventCountry "LAT"]
[SourceTitle "playchess.com"]
[Source "ChessBase"]
[SourceQuality "1"]
[TimeControl "40/5400+30:1800+30"]

1. d4 {[%emt 0:00:00]} e6 {[%emt 0:00:00]} 2. c4 {[%emt 0:00:00]} b6 {[%emt 0:00:00]} 3. e4 {[%emt 0:00:00]} Bb7 {[%emt 0:00:00]} 4. Bd3 {[%emt 0:00:00]} Nc6 {[%emt 0:00:00]} 5. Ne2 {[%emt 0:00:00]} g6 {[%emt 0:00:03]} 6. Nbc3 {[%emt 0:02:53]} Bg7 {[%emt 0:00:12]} 7. Be3 {[%emt 0:00:34]} Nge7 {[%emt 0:00:13]} 8. Qd2 {[%emt 0:09:58]} d5 {[%emt 0:26:58] LiveBook: 3 Games} 9. cxd5 {[%emt 0:00:42]} exd5 {[%emt 0:00:05]} 10. e5 {[%emt 0:01:00]} Qd7 {[%emt 0:00:49]} 11. O-O {[%emt 0:17:43]} O-O {[%emt 0:04:31]} 12. Rac1 {[%emt 0:08:04]} Rad8 {[%emt 0:22:39]} 13. Bg5 {[%emt 0:06:11]} f6 {[%emt 0:04:30]} 14. exf6 {[%emt 0:00:38]} Bxf6 {[%emt 0:00:06]} 15. Bxf6 {[%emt 0:01:39]} Rxf6 $14 {[%emt 0:00:01]} 16. f3 {[%emt 0:01:53]} Rdf8 {[%emt 0:08:21]} 17. Rfe1 {[%emt 0:01:16]} Nd8 {[%emt 0:06:09]} 18. Ng3 {[%emt 0:02:53]} Nf7 {[%emt 0:09:40]} 19. Re2 {[%emt 0:01:33]} Re6 {[%emt 0:00:56]} 20. Rce1 {[%emt 0:01:10]} Rxe2 {[%emt 0:00:09]} 21. Qxe2 {[%emt 0:00:06]} Re8 {[%emt 0:03:45]} 22. Bb5 {[%emt 0:03:56]} c6 {[%emt 0:00:49]} 23. Ba4 {[%emt 0:00:04]} Kf8 {[%emt 0:01:03]} 24. Qd2 {[%emt 0:05:13]} Qd6 {[%emt 0:01:57]} 25. Qe3 {[%emt 0:05:14]} Bc8 {[%emt 0:00:44]} 26. Bb3 {[%emt 0:06:23]} Bd7 {[%emt 0:00:20]} 27. Qd3 {[%emt 0:01:48]} Ng8 {[%emt 0:01:45]} 28. Rxe8+ {[%emt 0:00:21]} Bxe8 {[%emt 0:00:09]} 29. Nge2 {[%emt 0:03:47]} Bd7 {[%emt 0:00:46]} 30. g3 {[%emt 0:02:29]} Nf6 {[%emt 0:01:56]} 31. Kg2 {[%emt 0:00:11]} Bc8 {[%emt 0:00:48]} 32. a3 {[%emt 0:00:45]} Qe7 {[%emt 0:00:57]} 33. Kf2 {[%emt 0:00:55]} Qd6 {[%emt 0:04:20]} 1/2-1/2

[Event "EYCC Open U18 2018"]
[Site "Riga"]
[Date "2018.08.24"]
[Round "5"]
[White "Garanin, Aleksei"]
[Black "Sousa, Andre Ventura"]
[Result "1/2-1/2"]
[WhiteElo "2203"]
[BlackElo "2376"]
[Annotator "NA"]
[PlyCount "76"]
[EventDate "2018.08.20"]
[EventType "swiss"]
[EventCountry "LAT"]
[SourceTitle "playchess.com"]
[Source "ChessBase"]
[SourceQuality "1"]
[TimeControl "40/5400+30:1800+30"]

1. d4 {[%emt 0:00:00]} Nf6 {[%emt 0:00:00]} 2. c4 {[%emt 0:00:00]} e6 {[%emt 0:00:00]} 3. Nf3 {[%emt 0:00:00]} d5 {[%emt 0:00:00]} 4. Nc3 {[%emt 0:00:00]} Bb4 {[%emt 0:01:26]} 5. cxd5 {[%emt 0:00:42]} exd5 {[%emt 0:00:06]} 6. Bg5 {[%emt 0:00:04]} Qd6 {[%emt 0:00:03] D38: Queen's Gambit Declined: Ragozin Defence (4 Nf3 Bb4)} (6... h6 7. Bh4 O-O 8. e3 Bf5 9. a3 Bxc3+ 10. bxc3 Nbd7 11. Be2 c5 12. O-O g5 13. Bg3 Ne4 14. c4 dxc4 15. Bxc4 {0-1 (49) Onischuk,A (2672)-Shankland,S (2671) Saint Louis 2018}) 7. e3 {[%emt 0:00:23]} Ne4 {[%emt 0:00:08]} 8. Rc1 {[%emt 0:11:14]} Nxg5 {[%emt 0:01:29]} 9. Nxg5 {[%emt 0:00:13]} c6 $146 {[%emt 0:13:44]} ({Predecessor:} 9... Bf5 10. Bd3 Bxd3 11. Qxd3 c6 12. Qf5 Qd7 13. Qe5+ Kf8 14. Nf3 {½-½ (22) Abhilash,R (2188)-Ashwath,R (2290) Abu Dhabi 2017}) 10. Bd3 {[%emt 0:04:31]} Qf6 {[%emt 0:03:43]} 11. Nf3 {[%emt 0:12:13]} O-O {[%emt 0:01:04]} 12. Qc2 {[%emt 0:05:12]} g6 {[%emt 0:00:09]} 13. O-O {[%emt 0:00:13]} Be6 {[%emt 0:11:30]} 14. Qb3 {[%emt 0:04:12]} Qe7 $1 {[%emt 0:06:52]} 15. Na4 {[%emt 0:02:05]} b6 {[%emt 0:09:36]} 16. Ne5 {[%emt 0:09:15]} Rc8 {[%emt 0:01:38]} 17. a3 {[%emt 0:02:15]} Bd6 {[%emt 0:01:29]} 18. f4 {[%emt 0:02:07]} f6 {[%emt 0:04:56]} 19. Nf3 {[%emt 0:00:33]} Bf7 {[%emt 0:01:55]} 20. Bb1 {[%emt 0:01:45]} Nd7 {[%emt 0:00:25]} 21. Qd3 $17 {[%emt 0:05:23]} Be6 {[%emt 0:17:54]} 22. Qd2 {[%emt 0:01:54]} Bg4 {[%emt 0:04:36]} 23. Ne1 {[%emt 0:07:53]} b5 {[%emt 0:01:08]} 24. Nc3 {[%emt 0:00:35]} Nb6 {[%emt 0:00:12]} 25. e4 {[%emt 0:13:25]} Nc4 {[%emt 0:00:06]} 26. Qf2 {[%emt 0:00:23]} dxe4 {[%emt 0:00:12]} 27. Nxe4 {[%emt 0:00:44]} Bf5 {[%emt 0:05:06]} 28. Nxd6 {[%emt 0:00:09]} Nxd6 {[%emt 0:00:04]} 29. Nd3 {[%emt 0:02:35]} Nc4 {[%emt 0:02:19]} 30. Rfe1 {[%emt 0:02:57]} Qd6 {[%emt 0:00:42]} 31. Nc5 {[%emt 0:00:35]} Re8 {[%emt 0:01:05]} 32. Ba2 {[%emt 0:03:12]} Qd5 {[%emt 0:01:46]} 33. h3 {[%emt 0:02:40]} Rad8 {[%emt 0:01:20]} 34. Nb7 {[%emt 0:02:04]} Rxe1+ {[%emt 0:02:07]} 35. Rxe1 {[%emt 0:00:01]} Rd7 {[%emt 0:00:08]} 36. Nc5 {[%emt 0:00:08]} Rd8 {[%emt 0:00:16]} 37. Nb7 {[%emt 0:00:04]} Rd7 {[%emt 0:00:03]} 38. Nc5 {[%emt 0:01:46]} Rd8 {[%emt 0:00:02]} 1/2-1/2

[Event "EYCC Open U18 2018"]
[Site "Riga"]
[Date "2018.08.26"]
[Round "6"]
[White "Kevlishvili, Robby"]
[Black "Bronstein, Or"]
[Result "1-0"]
[WhiteElo "2497"]
[BlackElo "2342"]
[Annotator "TA"]
[PlyCount "113"]
[EventDate "2018.08.20"]
[EventType "swiss"]
[EventCountry "LAT"]
[SourceTitle "playchess.com"]
[Source "ChessBase"]
[SourceQuality "1"]

{[%evp 18,113,21,-1,-6,-11,0,0,12,0,32,0,0,0,0,0,0,0,0,0,0,0,0,0,73,62,172,177,166,165,135,143,164,181,179,178,164,158,160,150,196,83,90,93,93,93,133,135,195,195,171,174,161,156,187,164,164,167,160,111,356,341,350,342,917,858,2124,1988,2274,875,805,422,345,327,352,343,399,572,647,622,635,641,585,553,300,411,404,414,12848,12848,12848,12843,12843,12843,12845,12845,12845,12846]} 1. e4 c5 2. Nc3 d6 3. Nge2 Nf6 4. g3 Nc6 5. Bg2 g6 6. d4 cxd4 7. Nxd4 Nxd4 8. Qxd4 Bg7 9. O-O O-O 10. Qc4 {LiveBook: 7 Games. B70: Sicilian Dragon: 6 g3 and 6 Be2 (without a later Be3)} (10. Qd3 Be6 11. Nd5 Rc8 12. c3 a6 13. Re1 Nd7 14. a4 Ne5 15. Qd1 Re8 16. h3 Nc4 17. Kh2 Bd7 18. Re2 b5 19. axb5 Bxb5 {½-½ (74) Karjakin,S (2781)-Topalov,V (2749) Paris 2017}) 10... Bd7 11. a4 Qa5 12. Qb3 $146 {The position is equal.} ({Predecessor:} 12. Ra3 Rac8 13. Qe2 Be6 14. Rd1 Qc5 15. Be3 Qc7 16. Bxa7 b6 17. Nb5 Bc4 18. Nxc7 Bxe2 {½-½ (37) Tiviakov,S (2641)-Savchenko,S (2521) Algiers 2015}) 12... Rac8 13. Bd2 Qh5 14. Nd5 Nxd5 15. exd5 Qe2 16. Rfd1 Qc4 17. Qxc4 $1 Rxc4 18. c3 Rxa4 ({But not} 18... Bxa4 $6 19. Re1 $16) 19. Rxa4 Bxa4 20. Ra1 Bb5 (20... b5 $11) 21. Rxa7 $16 Ba6 (21... Rb8 $1 $14) 22. Bf1 $1 $18 Bxf1 23. Kxf1 {[%mdl 4096] Endgame KRB-KRB} Rb8 24. Be3 $1 e6 25. dxe6 fxe6 26. Bb6 $1 d5 {[%cal Bd6d5,Bd5d4][%mdl 32]} 27. Bc7 Rf8 28. Rxb7 d4 29. Ba5 (29. c4 $1 $18) 29... Ra8 30. Rb5 $1 Rc8 31. Rb3 e5 32. Ke2 Rf8 (32... e4 $16 {was necessary.}) 33. cxd4 exd4 34. f4 Ra8 35. Bd2 Ra1 36. Rb8+ Kf7 37. Rb7+ Kg8 38. b4 {[%cal Bb2b4,Bb4b5,Bb5b6][%mdl 32] aiming for b5.} Rh1 $2 (38... Ra3 $16 39. b5 Rb3) 39. b5 Rxh2+ 40. Kd3 Rg2 $2 (40... Rh1 41. b6 Rb1) 41. b6 Rxg3+ {[#]} 42. Kc4 $1 Rg2 {[#]} 43. Bb4 (43. Rxg7+ $142 $1 {[%mdl 512]} Kxg7 44. b7 Rxd2 45. b8=Q) 43... Rc2+ 44. Kb3 Rc6 45. Ka4 d3 {intending ...Rd6.} 46. Kb5 Rd6 47. Bxd6 (47. Re7 $142 Bd4 48. Bxd6) 47... d2 48. Be5 d1=Q 49. Rxg7+ {KQ-KRB} Kf8 50. b7 Qb3+ 51. Kc6 Qa4+ 52. Kc7 Qc4+ (52... Qa5+ $142 53. Kc8 Qa6 54. Rxh7 Ke8) 53. Kd8 {White is clearly winning.} Qb5 54. Rd7 Qb6+ 55. Kc8 Qc6+ 56. Bc7 Ke8 57. Rd6 {Precision: White = 71%, Black = 40%.} 1-0

[Event "EYCC Open U18 2018"]
[Site "Riga"]
[Date "2018.08.26"]
[Round "6"]
[White "Gaifullin, Artur"]
[Black "Iliaguev, Nisim"]
[Result "1/2-1/2"]
[WhiteElo "2461"]
[BlackElo "2324"]
[Annotator "TA"]
[PlyCount "68"]
[EventDate "2018.08.20"]
[EventType "swiss"]
[EventCountry "LAT"]
[SourceTitle "playchess.com"]
[Source "ChessBase"]
[SourceQuality "1"]

{[%evp 20,68,19,15,18,22,17,18,22,29,63,63,57,24,33,0,0,0,0,-12,-19,-19,-19,-22,-22,-70,-31,-31,30,-107,-96,-105,-103,-132,-102,-78,-42,-47,-45,-64,-45,-43,-40,-31,-41,-40,-36,-50,0,0,-3]} 1. d4 Nf6 2. c4 e6 3. Nf3 Bb4+ 4. Bd2 Bxd2+ 5. Qxd2 O-O 6. Nc3 d5 7. e3 Qe7 8. cxd5 exd5 9. Bd3 b6 {E11: Damenindisch (Bogoljubow-Variante)} 10. O-O Bb7 11. Rac1 {LiveBook: 3 Partien} (11. Ne5 c5 12. Rac1 c4 13. Bb1 a6 14. a4 Nc6 15. f4 Nb4 16. Rce1 Rac8 17. Qe2 {0-1 (56) Onischuk,A (2685)-Vitiugov,N (2720) Khanty-Mansiysk 2017}) 11... Rd8 12. Na4 $146 ({Vorgänger:} 12. b3 c5 13. Qb2 Nbd7 14. Rfd1 Kf8 15. Ne2 Rac8 16. Nf4 a5 {1-0 (44) Van Wely,L (2570)-Rashkovsky,N (2535) Philadelphia 1994}) 12... c6 13. b4 Nbd7 14. Qb2 b5 15. Nc5 Nxc5 16. Rxc5 Nd7 $1 {[%cal Rd7c5]} 17. Rc3 a5 18. bxa5 Rxa5 19. Nd2 Rda8 20. Bb1 Nb6 21. Qc2 g6 22. e4 dxe4 23. Nxe4 Nc4 (23... b4 $15 24. Rc5 Nd5) 24. Rf3 {[#]} (24. Qc1 $11 {hält das Gleichgewicht.}) 24... c5 $1 $17 {[%mdl 512] Und weiter mit ...f5 wäre nett.} 25. Nf6+ (25. dxc5 f5) 25... Kh8 26. d5 Ra3 27. Rf4 Qe5 28. g3 $1 R8a6 ({Keinesfalls} 28... Bxd5 29. Nxd5 Qxd5 30. Rd1 $17) 29. Qe4 Qxe4 30. Nxe4 Bxd5 31. Nxc5 Rc6 32. Nb3 Ne5 {Droht ...Sf3+ und aus.} 33. Be4 Bxe4 34. Rxe4 Nc4 {Precision: Weiß = 56%, Schwarz = 58%.} 1/2-1/2